| 000 | 00581nam a22001937a 4500 | ||
|---|---|---|---|
| 999 |
_c172142 _d172142 |
||
| 005 | 20200128125713.0 | ||
| 010 | _aA-518519 | ||
| 020 | _c50.00 | ||
| 035 | _aA-518519 | ||
| 037 | _bBPPD | ||
| 082 | _a847 | ||
| 100 | _aفیاض احمد فیضی | ||
| 245 |
_aقند و زقند / _cفیاض احمد فیضی |
||
| 246 |
_aQand-O-Zaqand (Urdu) / _bby Fayyaz Ahmad Faizi |
||
| 260 |
_aNew Delhi _bModern Publishing House _c1991 ء |
||
| 270 |
_a9 Gola Market, Daryaganj _bNew Delhi _e110002 |
||
| 300 |
_a140p. _c20cm(Hb) |
||
| 942 |
_2ddc _cUR _h847 _mف ی ا |
||